000 00763nam a2200253Ia 4500
003 OSt
005 20220926000805.0
006 a|||||r|||| 00| 0
007 ta
008 220923b |||||||| |||| 00| 0 eng d
020 _a8121001811
037 _cGeneral Book
040 _aRTL
_cRTL
_beng
041 _2eng
_aeng
082 _aY31:7:7.252EC.N8, M7
100 _aDanda Ajit K
_9245431
245 0 _aRural community in transition
_b The case study of Gandhar
260 _a New Delhi
_bInter- India Pub.
_c1987
300 _a321p
_ccm.
500 _aBibliography: P 289-306; Glossary: P 307-14
650 _aCommunity Development
942 _hY31:7:7.252EC.N8, M7
_cGB
_2CC
999 _c599742
_d599742